Statistics for Countries That Produce The Most Yeast

Click here to take the quiz!

General Stats

  • This quiz has been taken 47 times
  • The average score is 11 of 14

Answer Stats

% Of Total ProducedCountry% Correct
12.5%China
98%
4.82%United States
95%
10.1%France
93%
5.32%Mexico
93%
3.07%Russia
93%
3.44%Brazil
90%
4.52%Germany
90%
4.60%Canada
88%
3.62%Italy
85%
2.44%Poland
76%
7.77%Turkey
76%
2.44%Egypt
61%
5.63%Belgium
56%
3.65%Denmark
51%

Score Distribution

Percentile by Number Answered

Percent of People with Each Score

Your Score History

You have not taken this quiz